000 00591nam a2200193Ii 4500
001 15685
003 CO-ViMGA
008 241108s9999||||xx |||||||||||||| ||und||
040 _aCO-ViMGA
_bspa
_erda
_cCO-ViMGA
041 0 _aspa
082 0 4 _a307.2 P73
245 1 0 _aPrincipios rectores de los desplazamientos internos.
264 1 _aBogotá, Colombia : UNHCR ACNUR : Defensoría del Pueblo, 1999
300 _avolumen
336 _atext
_btxt
_2rdacontent
337 _aunmediated
_bn
_2rdamedia
338 _avolume
_bnc
_2rdacarrier
940 _aidficha_siabuc: 15369. -- ficha_no_siabuc:15685
999 _c48385
_d48385